00960pab a2200193 454500008004000000100002000040245005900060260000900119300001300128362001100141520036800152650004200520650002800562773003400590908000600624909001100630999001900641952010600660180718b2013 xxu||||| |||| 00| 0 eng d aSinha, Dipankar aSame side goal politics: West Bengali new brand image? c2013 ap.19-22. a27 Jul aThe people of West Bengal want to live with security and dignity and desire the fulfilment of basic needs and amenities in everyday life. There are too many pressing issues in the state waiting to get the attention of authorities. Unfortunately, it seems that the powers that be are playing a thankless and self-destructive game of "same side goal". - Reproduced. aWest Bengal - Politics and government aPolitics and government aEconomic and Political Weekly aN a101351 c101349d101349 00104070aIIPAbIIPAd2018-07-19hVolume no: 48, Issue no: 30pAR101811r2018-07-19w2018-07-19yAR